|
|
|
|
| LEADER |
01341ppm a22002898a 4500 |
| 001 |
00026914 |
| 005 |
20171026081025.0 |
| 008 |
110913s2007 ||||||viesd |
| 041 |
0 |
# |
|a vie
|
| 082 |
1 |
4 |
|a 335.434 6
|b T310H
|
| 100 |
1 |
# |
|a Lê, Thu Trang
|
| 245 |
1 |
0 |
|b Khóa luận tốt nghiệp : Ngành Sư phạm Giáo dục Chính trị: Trình độ : Đại học
|c Lê Thu Trang; Trương Thị Mỹ Dung hướng dẫn
|a Tìm hiểu tư tưởng Hồ Chí Minh về nhà nước pháp quyền của dân, do dân và vì dân
|
| 260 |
# |
# |
|a Đồng Tháp
|b Trường Đại học Đồng Tháp
|c 2007
|
| 300 |
# |
# |
|b ảnh minh họa
|a 79 tr.
|c 30 cm.
|e 1 bản tóm tắt
|
| 500 |
# |
# |
|a ĐTTTS ghi: Trường Đại học Sư phạm Đồng Tháp. Khoa Giáo dục chính trị
|
| 502 |
# |
# |
|a Thư mục : Tr.64 - 65
|
| 600 |
1 |
4 |
|a Hồ, Chí Minh
|
| 650 |
|
|
|a Tư tưởng Hồ Chí Minh
|z Việt Nam
|
| 653 |
# |
# |
|a Nhà nước pháp quyền
|
| 700 |
1 |
# |
|a Trương, Thị Mỹ Dung
|e hướng dẫn
|
| 852 |
# |
# |
|b Kho đọc
|j KD.0011480, KD.0015359
|
| 852 |
# |
# |
|j KD.0015359
|j KD.0011480
|
| 910 |
# |
# |
|a Ntuyet
|d 13/09/2011
|
| 980 |
# |
# |
|a Trung tâm Học liệu Lê Vũ Hùng, Trường Đại học Đồng Tháp
|